Geld- und Wechselkurspolitik in Entwicklungsländern <Eine> Analyse alternativer Stabilisierungs- und Anpassungsstrategien

Uložené v:
Podrobná bibliografia
Hlavný autor: Schweickert, Rainer
Médium: Kniha
Jazyk:German
Vydavateľské údaje: Tübingen Mohr 1993
Vydanie:1. Aufl.
Edícia:Kieler Studien 256
Predmet:
Tagy: Pridať tag
Žiadne tagy, Buďte prvý, kto otaguje tento záznam!

MARC

LEADER 00000nam a2200000 4500
001 c003125
005 20221206074506.0
020 |a 3-16-146168-1 
041 0 |a ger 
044 |a DE 
245 1 0 |a Geld- und Wechselkurspolitik in Entwicklungsländern  |b <Eine> Analyse alternativer Stabilisierungs- und Anpassungsstrategien  |c Rainer Schweickert 
250 |a 1. Aufl. 
264 1 |a Tübingen  |b Mohr  |c 1993 
300 |a 200 s. 
490 1 |a Kieler Studien  |v 256 
830 0 |a Kieler Studien  |v 256 
610 2 0 |a politika peňažná 
610 2 0 |a kurz výmenný 
610 2 0 |a krajiny rozvojové 
610 2 0 |a stratégia hospodárska 
610 2 0 |a stabilizácia hospodárstva 
610 2 0 |a politika hospodárska 
610 2 0 |a rozvoj hospodársky 
610 2 0 |a Argentína 
610 2 0 |a Čile 
610 2 0 |a liberalizácia 
610 2 0 |a devalvácia 
610 2 0 |a inflácia 
610 2 0 |a kurz výmenný pevný 
100 1 |a Schweickert, Rainer